Cinéma par lettre - D - Statistiques

Statistiques générales
  • Ce quiz a été pris 251 fois
  • Le résultat moyen est 13 sur 20
Statistiques - réponses
Questions Réponses % Correct
Quel acteur américain est connu pour son rôle de "Jack" dans "Titanic" ? Leonardo Di Caprio
98%
Quel acteur français incarne Obélix au cinéma ? Gérard Depardieu
96%
Quel acteur français a reçu un oscar pour "The Artist" et est connu pour son rôle dans "OSS 117" ? Jean Dujardin
95%
Quel film met en scène Jennifer Grey et Patrick Swayze dans une comédie où la danse est au centre des sujets ? Dirty Dancing
93%
Quel acteur américain joue le rôle de "Jack Sparrow" dans "Pirates des Caraïbes" ? Johnny Depp
90%
Quel film met en scène Timothée Chalamet devant se rendre sur la planète la plus dangereuse afin de garantir la sécurité du monde ? Dune
86%
Quel acteur américano-italien joue dans "Les Affranchis", "Le Parrain" et "Taxi Driver" ? Robert De Niro
79%
Quel acteur américain joue dans "Seul sur Mars" et dans "Il faut sauver le soldat Ryan" ? Matt Damon
75%
Quel film avec Alain Chabat et Jean-Pierre Bacri met en scène un labrador se transformant en homme, sauvant son équipe de foot ? Didier
74%
Quel acteur français, véritable icône de son époque, a joué dans "La Piscine" et "Le Guépard" ? Alain Delon
72%
Quel acteur belge, connu pour ses caméras cachées joue par ailleurs dans ce film ? François Damiens
71%
Quel film de Christopher Nolan met en scène les troupes alliées dans l'Opération Dynamo ? Dunkerque
70%
Quel acteur américain interprète le rôle de Domonic Toretto dans "Fast and Furious" ? Vin Diesel
67%
Quel film met en scène Ryan Gosling, chauffeur le jour puis cascadeur la nuit pour des truands ? Drive
62%
Quel film réalisé par Kévin Costner met en scène un soldat américain au contact d'une tribu amérindienne ? Danse avec les loups
51%
Quel film de super-héros met en scène un neurochirurgien découvrant les secrets d'un monde caché ? Docteur Strange
50%
Quelle série de mangas réalisée au cinéma par la suite, évoque Tanjiro combattant le démon Hantengu ? Demon Slayer
45%
Quel film belge met en scène deux personnages que tout oppose, un tombeur de filles et un cherchant le grand amour ? Dikkenek
34%
Quel acteur centenaire a joué dans "Ulysse", "Spartacus" et "La Caravane de feu" ? Kirk Douglas
22%
Quel film de 2000 raconte l'histoire d'Alex Browning accompagné de ses amis et de leur professeur, survivants d'une explosion ? Destination Finale
8%
Aucun quiz correspondant
Distribution des résultats
% des personnes avec chaque résultat
Percentile par nombre de réponses
Votre historique - résultats
Vous n’avez pas pris ce quiz